Diskonty rastú najrýchlejšie

Trendy na trhu - vývoj v Česku. Hypermarket je najobľúbenejším nákupným formátom od roku 2002, keď vystriedal menšie predajne uprednostňované do tej doby. Obľuba diskontných predajní si na českom trhu udržiava dlhodobo rastúci trend. Na českom trhu sa posilnila pozícia špecializovaných drogérií.

Salvato in:
Dettagli Bibliografici
Autore principale: Hinková-Dibarborová, Andrea
Natura: Capitolo di libro
Lingua:slovacco
Soggetti:
Tags: Aggiungi Tag
Nessun Tag, puoi essere il primo ad aggiungerne!!

MARC

LEADER 00000naa$a2200000$$$4500
001 0084064
005 20231128093238.0
041 0 |a slo 
044 |a SK 
245 1 0 |a Diskonty rastú najrýchlejšie  |c Andrea Hinková-Dibarborová 
520 |a Trendy na trhu - vývoj v Česku. Hypermarket je najobľúbenejším nákupným formátom od roku 2002, keď vystriedal menšie predajne uprednostňované do tej doby. Obľuba diskontných predajní si na českom trhu udržiava dlhodobo rastúci trend. Na českom trhu sa posilnila pozícia špecializovaných drogérií. 
610 2 0 |a predajne 
610 2 0 |a hypermarkety 
610 2 0 |a Česko 
610 2 0 |a predajne diskontné 
100 1 |a Hinková-Dibarborová, Andrea